| 000 | 00529nam a2200205Ia 4500 | ||
|---|---|---|---|
| 005 | 20250508151146.0 | ||
| 008 | 008 250505s9999 xx 000 0 hin d | ||
| 037 | _aTextual | ||
| 040 |
_aFEDL _beng _cFEDL |
||
| 041 |
_ahin _2eng |
||
| 084 |
_a150, DWA _qFEDL |
||
| 100 |
_aDwarka Parshad _9758574 |
||
| 245 | 0 | _aManav manovigyan | |
| 260 |
_aPrayag, India _bNilabh Parkashan _c1953 |
||
| 300 | _a443p. | ||
| 365 |
_aINR _b9 |
||
| 650 | _aPsychology | ||
| 942 |
_cTEXL _h150, DWA |
||
| 999 |
_c1327966 _d1327966 |
||